| 000 | 00660nam a22002650a 4500 | ||
|---|---|---|---|
| 001 | PT195 | ||
| 003 | AR-LpoUNG | ||
| 005 | 20250129212015.0 | ||
| 008 | 191001s1995||||ag |||||||||||||||||spa d | ||
| 020 |
_a8475094007 _c$28 |
||
| 040 |
_aAR-LpoUNG _bspa _cAR-LpoUNG _eaacr |
||
| 041 | 1 | _aspa | |
| 044 | _aag | ||
| 082 | 0 | _a410 284obv | |
| 100 | 1 | _aBarthes, Roland | |
| 245 | 1 | 0 |
_aLo obvio y lo obtuso : _bimágenes, gestos, voces |
| 250 | _a2da. ed. | ||
| 260 |
_aBuenos Aires : _bPaidós, _c1995. |
||
| 300 |
_a380 p. : _btbls. |
||
| 650 | 4 | _aLENGUAJES SIMBOLICOS | |
| 650 | 4 | _aSEMIOLOGIA | |
| 650 | 4 | _aSIMBOLOS | |
| 905 | _a195 | ||
| 942 |
_cLIB _2ddc |
||
| 999 |
_c2559 _d2559 |
||